Central Library and Information Centre
Sibsagar Girls' College, Sivasagar : Assam

INTELLIGENCE TESTS (Record no. 2735)

MARC details
000 -LEADER
fixed length control field 00420cam a2200181ua 4500
008 - FIXED-LENGTH DATA ELEMENTS--GENERAL INFORMATION
fixed length control field 191128n1985 II |||gr||||Z||||||eng
040 ## - CATALOGING SOURCE
Original cataloging agency MAIN
041 ## - LANGUAGE CODE
-- English
041 ## - LANGUAGE CODE
-- eng
082 ## - DEWEY DECIMAL CLASSIFICATION NUMBER
Classification number 153 RAY
100 ## - MAIN ENTRY--PERSONAL NAME
Personal name RAY, AJAY.
245 ## - TITLE STATEMENT
Title INTELLIGENCE TESTS
260 ## - PUBLICATION, DISTRIBUTION, ETC.
Place of publication, distribution, etc. NEW DELHI
Name of publisher, distributor, etc. STERLING PUBLISHERS
Date of publication, distribution, etc. 1985
300 ## - PHYSICAL DESCRIPTION
Extent 223:
Dimensions 20CM.
942 ## - ADDED ENTRY ELEMENTS (KOHA)
Koha item type Books
653 ## - INDEX TERM--UNCONTROLLED
Uncontrolled term Mental processes & intelligence
Holdings
Withdrawn status Lost status Damaged status Not for loan Collection code Home library Current library Shelving location Date acquired Full call number Barcode Date last seen Copy number Price effective from Koha item type Public note
        TBEDU Central Library and Information Centre Sibsagar Girls College Central Library and Information Centre Sibsagar Girls College EDUCATION BOOK RACK 11.09.1989 153 RAY 10905 27.02.2020 1 27.02.2020 Books V


Sibsagar Girl's College © 2020. All rights reserved.
Powered by Koha.
Maintained by Abhijit Borpuzari.